TSG Hoffenheim: Alle Torschützen der 2010er - Statistiken

Allgemein
  • Dieses Quiz wurde 210 mal gespielt
  • Das Durchschnittsergebnis liegt bei 34 aus 70
Antwortstatistiken
Pos. Nat. Spieler % Korrekt
ST SEN Demba Ba
92%
ST CRO Andrej Kramaric
91%
MIT BIH Sejad Salihovic
86%
ST BIH Vedad Ibisevic
86%
ST BRA Roberto Firmino
80%
ST HUN Adam Szalai
77%
MIT GER Sebastian Rudy
77%
ST ALG Ishak Belfodil
75%
ST ISR Munas Dabbur
72%
MIT ITA Vincenzo Grifo
72%
VER CZE Pavel Kaderabek
69%
VER DEN Jannik Vestergaard
68%
MIT AUT Florian Grillitsch
66%
ST TGO Ihlas Bebou
66%
VER GER Niklas Süle
66%
VER BIH Ermin Bicakcic
64%
MIT ISL Gylfi Sigurdsson
64%
ST ARM Sargis Adamyan
64%
VER GER Andreas Beck
63%
MIT AUT Christoph Baumgartner
62%
ST CHI Eduardo Vargas
61%
MIT POL Eugen Polanski
60%
ST ESP Joselu
55%
ST GER Kevin Volland
55%
ST GER Sandro Wagner
55%
ST BRA Joelinton
54%
ST FRA Anthony Modeste
52%
MIT USA Fabian Johnson
52%
MIT BRA Luiz Gustavo
52%
VER AUT David Alaba
50%
MIT GER Kerem Demirbay
50%
MIT GER Nadiem Amiri
50%
VER GER Benjamin Hübner
48%
ST ENG Reiss Nelson
48%
VER ARG David Abraham
47%
ST GER Mark Uth
47%
VER GER Nico Schulz
47%
MIT GER Dennis Geiger
46%
VER GHA Isaac Vorsah
45%
MIT SUI Pirmin Schwegler
45%
VER GER Marvin Compper
44%
MIT SUI Steven Zuber
43%
VER SUI Fabian Schär
41%
ST NED Robert Skov
41%
ST JAP Takashi Usami
39%
MIT GER Tobias Weis
39%
MIT FRA Jonathan Schmid
38%
VER GRE Kostas Stafylidis
38%
ST NED Ryan Babel
37%
VER NED Edson Braafheid
36%
ST GER Sven Schipplock
36%
ST SUI Eren Derdiyok
35%
VER FRA Matthieu Delpierre
35%
ST TGO Peniel Mlapa
35%
MIT GER Serge Gnabry
35%
ST NOR Tarik Elyounoussi
34%
ST BEL Igor de Camargo
31%
VER NED Joshua Brenet
31%
MIT USA Daniel Williams
27%
VER GER Jeremy Toljan
27%
MIT IRQ Jiloan Hamad
23%
ST NED Jürgen Locadia
23%
MIT GER Leonardo Bittencourt
23%
MIT GER Boris Vukcevic
22%
MIT GER Lukas Rupp
21%
MIT GER Tobias Strobl
21%
ST GER Robin Hack
20%
MIT GER Kai Herdling
16%
ST URU Lucas Ribeiro
16%
MIT GER Marco Terazzino
9%
Keine übereinstimmenden Quizze gefunden
Verteilung der Resultate
Anzahl Personen mit jedem Resultat
Perzentil nach korrekt beantworteten Fragen
Ihre Resultats-Entwicklung
Sie haben dieses Quiz noch nicht gespielt